000 00305nam a22001337a 4500
008 170906b xxu||||| |||| 00| 0 eng d
020 _a9780030287770
041 _aeng
080 _26TH
_a72
100 _a41
101 _aARK
245 _aSCENE DESIGN AND STAGE LIGHTING
_cPARKER,W.O
942 _2udc
_cBK
999 _c26277
_d26277